BAFTA Rising Star Award Winners by Picture - Statistics

General Stats
  • This quiz has been taken 32 times
    4 since last reset
  • The average score is 12 of 21
Answer Stats
Picture Answer % Correct
Kristen Stewart
100%
Tom Hardy
100%
Tom Holland
100%
Daniel Kaluuya
75%
Emma Mackey
75%
Lashana Lynch
75%
Robert Aramayo
75%
Shia LaBeouf
75%
Will Poulter
75%
David Jonsson
50%
Eva Green
50%
Jack O'Connell
50%
James McAvoy
50%
John Boyega
50%
Letitia Wright
50%
Mia McKenna-Bruce
50%
Bukky Bakray
25%
Juno Temple
25%
Micheal Ward
25%
Adam Deacon
0%
Noel Clarke
0%
No matching quizzes found
Score Distribution
Percent of People with Each Score
Percentile by Number Answered
Your Score History
You have not taken this quiz since the last reset